Normal view
MARC view
- الخطيب، جمال / م.مشارك: منى الحديدي، عبدالعزيز السرطاوي
Entry Personal Name
001 - CONTROL NUMBER
- control field: 28648
003 - CONTROL NUMBER IDENTIFIER
- control field: JO-AjAnu
005 - DATE AND TIME OF LATEST TRANSACTION
- control field: 20230606074843.0
008 - FIXED-LENGTH DATA ELEMENTS
- fixed length control field: 230606|| aca||aabn | a|a d
040 ## - CATALOGING SOURCE
- Original cataloging agency: JO-AjAnu
- Transcribing agency: JO-AjAnu
100 ## - HEADING--PERSONAL NAME
- Personal name: الخطيب، جمال / م.مشارك: منى الحديدي، عبدالعزيز السرطاوي
670 ## - SOURCE DATA FOUND
- Source citation: Work cat.: (JO-AjAnu)14706: الخطيب، جمال / م.مشارك: منى الحديدي، عبدالعزيز السرطاوي, author, إرشاد اسر الاطفال ذوي الحاجات الخاصة: قراءات حديثة